00680nam a2200241 a 4500001001300000003000900013005001700022008004100039020001000080082001400090100002000104245002300124260003600147300000900183500003500192505003100227650001600258700002000274902000800294942000700302952011400309999001500423nice12345678IN_TiNIC20260116011513.0050524s0000 dela grp 000 0 per  ac10000a239bKIN1 aAl Kindi, Ishaq aKitab Ishaq Kindi. aDelhibAastana Book Depotc0000 a360p aincludes index and biblioraphy2 a4 Volume Bound in One Book aApologetics1 aAl Kindi, Ishaq bSRS cBK 001040708StackRoom-aHMIbHMId2007-06-21g100.00l0o239 KIN1p04050r2007-06-21v100.00w2005-05-24yBK c2108d2108